| 000 | 00512nab a2200145Ia 4500 | ||
|---|---|---|---|
| 003 | ES-SlBCS | ||
| 005 | 20210601135427.0 | ||
| 008 | 140529s1997 xxu||||| |||| 00| 0 spa d | ||
| 041 | _aspa | ||
| 100 | 1 |
_aAstigarraga, María del Carmen _979678 |
|
| 245 | 0 | 0 |
_aPublicaciones de la Sociedad Castellano-Leonesa de Filosofía _c María del Carmen Astigarraga |
| 650 | 0 | 4 |
_aSociedad Castellano Leonesa de Filosofía _9232424 |
| 773 | 0 |
_tCiudad de Dios, la _gvol. 110, nº. 1, 1997, págs. 315-342 _wRev120 |
|
| 942 | _cAR | ||
| 999 |
_c627935 _d627935 |
||